Cristóbal Colón: Su vida, sus viajes, sus descubrimientos. Espléndida edición ilustrada con magníficas oleografías, copia de famosos cuadros de artistas españoles tales como Balaca, Cano, Jover, Madrazo, Muñoz Degrain, Ortego, Puebla, Rosales, Soler y enriquecida en todas sus páginas con orlas, cabeceras y viñetas alegóricas y acompañada de una primorosa carta geográfica que detalla minuciosamente los viajes y descubrimientos llevados a cabo por el Gran Almirante

Saved in:
Bibliographic Details
Main Author: Asensio, José María (Author)
Format: Book
Language:Spanish
Published: Barcelona Espasa y Compañía 1888
Edition:1a. ed
Subjects:
Tags: Add Tag
No Tags, Be the first to tag this record!

MARC

LEADER 00000nam a2200000 a 4500
001 UCJ4332
003 CL-VaPUC
005 20250227100118.0
008 070124e18880000SP |||||||||||||||||spa|d
999 |c 320448  |d 320446 
040 |c Pontificia Universidad Católica de Valparaíso 
082 0 4 |a 923  |b COL  |2 21 
100 0 |a Asensio, José María  |e author  |9 507805 
245 1 0 |a Cristóbal Colón: Su vida, sus viajes, sus descubrimientos. Espléndida edición ilustrada con magníficas oleografías, copia de famosos cuadros de artistas españoles tales como Balaca, Cano, Jover, Madrazo, Muñoz Degrain, Ortego, Puebla, Rosales, Soler y enriquecida en todas sus páginas con orlas, cabeceras y viñetas alegóricas y acompañada de una primorosa carta geográfica que detalla minuciosamente los viajes y descubrimientos llevados a cabo por el Gran Almirante 
250 |a 1a. ed 
260 |a Barcelona  |b Espasa y Compañía  |c 1888 
300 |a cxliii, 742 p 
500 |a En biblioteca sólo vol. 1; profusamente ilustrado 
583 |a last modification  |c 20070124 00:00:00  |k Rodrigo Vera 
600 0 7 |a COLON, CRISTOBAL  |2 CL-VaPUC  |9 265189 
600 0 7 |a COLON, HERNANDO  |2 CL-VaPUC  |9 507806 
600 0 7 |a LAS CASAS, BARTOLOME DE  |2 CL-VaPUC  |9 350359 
600 0 7 |a HERRERA, ANTONIO  |2 CL-VaPUC  |9 507807 
600 0 |a Irving, Washington  |d 1783-1859  |9 857948 
650 7 |a BIOGRAFIA  |2 CL-VaPUC  |9 504622 
650 0 |a Descubrimientos geográficos  |9 331933 
650 0 |a Viajes  |9 257115 
650 7 |a ICONOGAFIA  |2 CL-VaPUC  |9 507808 
650 0 |a Ilustraciones  |9 369481 
650 0 |a Monumentos  |9 265246 
650 7 |a DOCUMENTOS  |2 CL-VaPUC  |9 366450 
650 0 |a Historiografía   |9 257871 
650 0 |a Crítica  |9 373015 
651 0 |a España  |9 254926 
651 0 |a América  |9 255182 
852 |a BIBCUR 
942 |c BK  |2 ddc 
945 |d 20070124 00:00:00  |a rinostro 
952 |0 0  |1 0  |4 0  |6 923_000000000000000_COL_1888  |7 0  |8 X  |9 398968  |a FDOBUD  |b FDOBUD  |d 2019-11-22  |h v.1  |i 1016865  |o 923 COL 1888  |p 1016865  |r 2019-11-22  |w 2019-11-22  |y BK_X  |k BUD